Statistiques concernant Signification des Initiales : Pays du Monde

Cliquez ici pour prendre le quiz!

Statistiques générales

  • Ce quiz a été pris 129 fois
  • Le résultat moyen est 5 sur 7

Statistiques - réponses

AcronymeRéponse% Correct
RDCRépublique Démocratique du Congo
85%
UKRoyaume-Uni
82%
USAÉtats-Unis d'Amérique
79%
EAUÉmirats Arabes Unis
76%
RFARépublique Fédérale d'Allemagne
57%
RDARépublique Démocratique Allemande
51%
URSSUnion des Républiques Socialistes Soviétiques
39%

Distribution des résultats

Percentile par nombre de réponses

% des personnes avec chaque résultat

Votre développement - résultats

Vous n’avez pas pris ce quiz